000
00288nam a2200109Ia 4500
008
220204s9999 xx 000 0 und d
082
_a
72(038)
_b
HAR
100
_a
Harris, C M
245
0
_a
Dictionary of architecture and construction
260
_a
New York
_b
McGraw Hill
_c
1975
942
_c
BK
999
_c
30669
_d
30669